Cómputo de votos y declaratorias de elección: Presidencia, vicepresidencias y diputaciones 2014/
El ejemplar 06273 es una versión corregida
Uloženo v:
| Médium: | Vládní dokument |
|---|---|
| Jazyk: | Spanish |
| Témata: | |
| Tagy: |
Přidat tag
Žádné tagy, Buďte první, kdo vytvoří štítek k tomuto záznamu!
|
MARC
| LEADER | 00000 a a2200000 04500 | ||
|---|---|---|---|
| 001 | 42802 | ||
| 003 | cru IIS | ||
| 005 | 20221122100117.0 | ||
| 008 | 221122e2014 |||||||| |||| 00| 0 spa d | ||
| 040 | |c cru IIS | ||
| 086 | |a RE 04.04.02 C8373c 2014 | ||
| 245 | |a Cómputo de votos y declaratorias de elección: |b Presidencia, vicepresidencias y diputaciones 2014/ |c TSE | ||
| 505 | |a 1 Disco compacto | ||
| 520 | |a El ejemplar 06273 es una versión corregida | ||
| 650 | |a COSTA RICA | ||
| 650 | |a ELECCIONES | ||
| 650 | |a VOTACION | ||
| 650 | |a SISTEMAS ELECTORALES | ||
| 650 | |a PODER LEGISLATIVO | ||
| 650 | |a PODER EJECUTIVO | ||
| 650 | |a GOBIERNO LOCAL | ||
| 773 | |g número1 (1998) | ||
| 942 | |2 ddc |c RE | ||
| 999 | |c 44657 |d 44657 | ||
